000 00662nam a2200253Ia 4500
003 OSt
005 20221007075455.0
006 a|||||r|||| 00| 0
007 ta
008 221006b |||||||| |||| 00| 0 eng d
024 _a5,569
037 _cTextual
040 _aFLL
_cFLL
_beng
041 _2eng
_aeng
082 _aZ(Q2), P1.1
100 _aDesai Satyajeet A Au.
245 0 _aMulla principles of hindu law
250 _a18th
260 _aNew Delhi
_bLexisNexis Butterworths India
_c2001
300 _acxxviii,999p
_ccm.
490 _v1
942 _hZ(Q2), P1.1
_cTEXL
_2CC
999 _c1156211
_d1156211